00846pam a2200265 a 4500008004100000020002500041245010200066246004900168250001200217260004600229300004100275504004100316500002000357650001900377650002200396650001500418650001300433650003400446650003700480700001700517700001900534003000100553005001700554040000900571  a9780443051562 (pbk.)10aRoss and Wilson anatomy and physiology in health and illness /cKathleen J.W. Wilson, Anne Waugh.30aAnatomy and physiology in health and illness a8th ed. aNew York :bChurchill Livingstone,c1996. a465 p. :bill. (some col.) ;c28 cm. aIncludes bibliographical references. aIncludes index. 0aHuman anatomy. 0aHuman physiology. 0aPathology. 0aNursing.12aAnatomyxnurses' instruction.12aPhysiologyxnurses' instruction.1 aWaugh, Anne.1 aRoss, Janet S.20230123141111.0 cNUST